000 00846nam a2200301 a 4500
003 AR-BaBNM
005 20251128203434.0
008 082120s2002 ||||||||||||||000 | spa||
020 _a84-7100-200-0
040 _cAR-BaBNM
100 1 _aAlcina Franch, José
245 0 0 _aCódices mexicanos
250 _a1ª ed.
260 _aMadrid
_bMapfre
_c1992
300 _a353 p.
_bil., láms., tablas
490 0 _aLenguas y Literaturas indígenas
_vv. 1
500 _aApéndices para consultar p. 339-353.
650 4 _aLITERATURA
650 4 _aHISTORIA CULTURAL
650 4 _aCULTURAS LATINOAMERICANAS
650 4 _aABORIGENES SUDAMERICANOS
650 4 _aLENGUAS AMERINDIAS
650 4 _aABORIGENES
800 1 _aGallego, José Andrés
_ecoordinador
800 1 _aGarrido, Miguel Angel
_edirector
942 _cBK
998 _cmariana
999 _c3394
_d3394